Countries Closest to Cyprus - 15 Second Sprint - Statistics

General Stats
  • This quiz has been taken 56 times
  • The average score is 7 of 20
Answer Stats
km country miles % Correct
76 Turkey 47
93%
264 Greece 164
86%
228 Israel 142
69%
170 Lebanon 105
64%
103 Syria 64
64%
352 Egypt 219
50%
291 Jordan 181
48%
756 Libya 470
36%
846 Bulgaria 526
26%
463 Iraq 288
26%
1158 Albania 720
21%
893 Iran 555
21%
935 Armenia 581
10%
1070 North Macedonia 665
7%
999 Romania 621
7%
471 Saudi Arabia 293
7%
1079 Azerbaijan 670
5%
887 Georgia 551
5%
288 Palestine 179
5%
970 Russia 603
2%
No matching quizzes found
Score Distribution
Percent of People with Each Score
Percentile by Number Answered
Your Score History
You have not taken this quiz